Statistics for Nearest Country Name to each US State

Click here to take the quiz!

General Stats

  • This quiz has been taken 58 times
  • The average score is 29 of 50

Answer Stats

#DUS StateCountry% Correct
125WyomingBenin, China, Dominica, Germany, Oman, Poland, Romania, Spain, Syria, Tonga, Ukraine, Yemen
91%
53OhioChad, Chile, China, Oman, Togo
91%
73IowaCuba, India, Iran, Iraq, Norway, Togo, Tonga
91%
83MaineChile, China, Guinea, Haiti, Mali, Malta, Spain, Ukraine
89%
75NebraskaAlbania, Denmark, Georgia, Lebanon, Nepal, Nicaragua, Serbia
87%
94OregonBenin, Gabon, Greece, Iran, Ireland, Oman, Sweden, Togo, Yemen
87%
35IllinoisAlbania, Bolivia, India
84%
63UtahChad, Iran, Iraq, Italy, Oman, Qatar
84%
44FloridaAlgeria, Georgia, Jordan, Syria
80%
44ArizonaAngola, Armenia, China, Eritrea
80%
48West VirginiaAustralia, Austria, Estonia, Georgia
80%
12IndianaIndia
78%
146MinnesotaAngola, Guinea, Indonesia, Lesotho, Liberia, Macedonia, Malaysia, Malta, Moldova, Monaco, Mongolia, Nigeria, Singapore, Tunisia
76%
55OklahomaBahamas, Malaysia, Moldova, Panama, Samoa
73%
10GeorgiaGeorgia
73%
57Rhode IslandIceland, Ireland, Poland, Solomon Islands, Thailand
73%
58MississippiKiribati, Malaysia, Mauritius, Russia, Tunisia
73%
33HawaiiHaiti, Kuwait, Malawi
71%
35MichiganBhutan, China, Taiwan
69%
33NevadaCanada, Grenada, Nepal
69%
33IdahoIran, Iraq, Italy
69%
14New MexicoMexico
67%
23AlabamaAlbania, Panama
64%
25KentuckyDenmark, Kenya
64%
27PennsylvaniaAlbania, Tanzania
62%
39New HampshireNamibia, New Zealand, Singapore
62%
24ArkansasAlbania, Armenia
60%
35CaliforniaCambodia, Colombia, Macedonia
58%
16North CarolinaNorth Korea
58%
15North DakotaNorth Korea
58%
24ColoradoColombia, Comoros
56%
13AlaskaAlbania
53%
24VirginiaArmenia, Nigeria
53%
15New YorkDenmark
53%
14DelawareDenmark
53%
25South DakotaSouth Africa, South Korea
53%
13MarylandIreland
47%
16New JerseyNew Zealand
47%
36TennesseeSenegal, Tunisia, Venezuela
47%
15South CarolinaSouth Africa
42%
13VermontGermany
40%
13TexasNepal
38%
13KansasKenya
31%
13MontanaMonaco
24%
16WashingtonPakistan
22%
18MassachusettsKazakhstan
20%
15WisconsinEstonia
16%
17ConnecticutCosta Rica
13%
15MissouriDjibouti
9%
14LouisianaBotswana
4%

Score Distribution

Percentile by Number Answered

Percent of People with Each Score

Your Score History

You have not taken this quiz